000 00493nam a2200181Ia 4500
003 OSt
005 20251120095525.0
008 210210b xxu||||| |||| 00| 0 eng d
040 _cAL
041 _aKannada
082 _a851/357
100 _aRANNA
_9147659
_dರನ್ನ
245 _aSahasa Bhima vijayam: gadayuddham
_bಸಾಹಸ ಭೀಮ ವಿಜಯ೦: (ಗದಾಯುದ್ದಂ)
260 _aD K
_b-
690 _aKannada Poetry
_9147660
906 _a018375
942 _2ddc
_cBK
999 _c141497
_d141497